<?xml version="1.0" encoding="UTF-8"?>
<record
    xmlns:xsi="http://www.w3.org/2001/XMLSchema-instance"
    xsi:schemaLocation="http://www.loc.gov/MARC21/slim http://www.loc.gov/standards/marcxml/schema/MARC21slim.xsd"
    xmlns="http://www.loc.gov/MARC21/slim">

  <leader>02056nam a22002297a 4500</leader>
  <controlfield tag="008">120823t        xxu||||| |||| 00| 0 eng d</controlfield>
  <datafield tag="020" ind1=" " ind2=" ">
    <subfield code="a">0195065727</subfield>
  </datafield>
  <datafield tag="050" ind1=" " ind2=" ">
    <subfield code="a">RG580. A44.A35</subfield>
  </datafield>
  <datafield tag="100" ind1=" " ind2=" ">
    <subfield code="a">Faden, Ruth</subfield>
  </datafield>
  <datafield tag="245" ind1=" " ind2=" ">
    <subfield code="a">AIDS, women and the next generation: towards a morally acceptable public policy for HIV testing for pregnant women and newborns. /</subfield>
    <subfield code="c">Ruth Faden</subfield>
  </datafield>
  <datafield tag="260" ind1=" " ind2=" ">
    <subfield code="a">New York:</subfield>
    <subfield code="b">Oxford Univ.Press,</subfield>
    <subfield code="c">1991.</subfield>
  </datafield>
  <datafield tag="300" ind1=" " ind2=" ">
    <subfield code="a">xix, 374 p.:</subfield>
    <subfield code="c">24cm.</subfield>
  </datafield>
  <datafield tag="500" ind1=" " ind2=" ">
    <subfield code="a">Includes index.</subfield>
  </datafield>
  <datafield tag="505" ind1=" " ind2=" ">
    <subfield code="a">Contents: Warrants for screening programs: Public health, legal and ethical frameworks -- Public health and medical issues: Public health and clinical aspects of HIV infection and disease in women and children in the United States -- A History of prenatal and newborn screening programs: Lessons for the future -- HIV infection and obstric care -- Maternal and newborn HIV Screening: implications for children and families -- Legal issues: Prenatal and newborn screening: state legislative approaches and current practice standards -- Legal issues in non-voluntary prenatal HIV screening -- Legal issues in voluntary screening for HIV infection inpregnant women -- Legal protections of confidential medical information and need for antidiscrimination laws -- Ethical and social issues: Screening newborns for HIV : ethical and legal aspects -- Ethical issues in HIV testing during pregnancy -- Informed consent of prenatal HIV testing -- Reproduction decision making in the context of HIV : the case for nondirective counseling -- Conclusion: HIV infection, pregnant woment and newborns: a policy proposal for information and testing.</subfield>
  </datafield>
  <datafield tag="650" ind1=" " ind2=" ">
    <subfield code="a">AIDS (Disease) in pregnancy  </subfield>
    <subfield code="x">Diagnosis </subfield>
    <subfield code="x">Government policy </subfield>
    <subfield code="x"> United States. </subfield>
  </datafield>
  <datafield tag="650" ind1=" " ind2=" ">
    <subfield code="a">AIDS (Disease) in infants -- Diagnosis -- Government policy -- United States. </subfield>
    <subfield code="x">AIDS (Disease) in infants </subfield>
    <subfield code="x"> Diagnosis </subfield>
    <subfield code="x">Government policy </subfield>
  </datafield>
  <datafield tag="650" ind1=" " ind2=" ">
    <subfield code="a">Humans </subfield>
    <subfield code="x"> AIDS </subfield>
    <subfield code="x"> Policies  </subfield>
    <subfield code="x"> Of </subfield>
    <subfield code="x">Government. </subfield>
  </datafield>
  <datafield tag="700" ind1=" " ind2=" ">
    <subfield code="a">Faden, Ruth R.</subfield>
  </datafield>
  <datafield tag="700" ind1=" " ind2=" ">
    <subfield code="a">Geller, Gail</subfield>
  </datafield>
  <datafield tag="700" ind1=" " ind2=" ">
    <subfield code="a">Powers, Madison</subfield>
  </datafield>
  <datafield tag="942" ind1=" " ind2=" ">
    <subfield code="2">lcc</subfield>
    <subfield code="c">BK</subfield>
  </datafield>
  <datafield tag="999" ind1=" " ind2=" ">
    <subfield code="c">2149</subfield>
    <subfield code="d">9649</subfield>
  </datafield>
  <datafield tag="952" ind1=" " ind2=" ">
    <subfield code="0">0</subfield>
    <subfield code="1">0</subfield>
    <subfield code="2">lcc</subfield>
    <subfield code="4">0</subfield>
    <subfield code="7">0</subfield>
    <subfield code="a">WIUC-1</subfield>
    <subfield code="b">WIUC-1</subfield>
    <subfield code="d">2012-08-23</subfield>
    <subfield code="l">0</subfield>
    <subfield code="o">RG580. A44.A35</subfield>
    <subfield code="p">6028/12</subfield>
    <subfield code="r">2012-08-23 00:00:00</subfield>
    <subfield code="t">1</subfield>
    <subfield code="w">2012-08-23</subfield>
    <subfield code="y">BK</subfield>
  </datafield>
</record>
